Central Library OPAC University of Rajshahi

Community and organizational responses to the cyclone affected people in coastal Bangladesh : (Record no. 81370)

MARC details
000 -LEADER
fixed length control field 00978nam a22002417a 4500
001 - CONTROL NUMBER
RUCL Control Number 81370
003 - CONTROL NUMBER IDENTIFIER
rucl marc code BD-RjUL
005 - DATE AND TIME OF LATEST TRANSACTION
control field 20240108113530.0
008 - FIXED-LENGTH DATA ELEMENTS--GENERAL INFORMATION
fixed length control field 230510s2016 bg a|||| m||| 00| 0 eng d
035 ## - SYSTEM CONTROL NUMBER
system control number (BD-RjUL)81370
040 ## - CATALOGING SOURCE
Original cataloging agency BD-RjUL
Language of cataloging eng
Transcribing agency BD-RjUL
Modifying agency BD-RjUL
041 ## - LANGUAGE CODE
Language code of Book eng
082 ## - DEWEY DECIMAL CLASSIFICATION NUMBER
DDC Edition number 23
Classification number 551.5513095492
Author mark and Year HAC 2016
100 ## - MAIN ENTRY--PERSONAL NAME
Personal name Hasan, Sk. Razibul
9 (RLIN) 7393
245 10 - TITLE STATEMENT
Title Community and organizational responses to the cyclone affected people in coastal Bangladesh :
Remainder of title A study on two villages in Bagerhat /
Statement of responsibility, etc Sk. Razibul Hasan ;
Name of Supervisor/Co-Supervisor Supervisor : M. Zulfiquar Ali Islam.
260 ## - PUBLICATION, DISTRIBUTION, ETC. (IMPRINT)
Place of publication, distribution, etc Rajshahi :
Name of publisher, distributor, etc Institute of Bangladesh Studies, University of Rajshahi,
Date of publication, distribution, etc 2016.
300 ## - PHYSICAL DESCRIPTION
Pagination xxv, 413 leaves :
Other physical details ill, ;
Dimensions 29.cm.
504 ## - BIBLIOGRAPHY, ETC. NOTE
Bibliography, etc Thesis (Ph. D.) -- Institute of Bangladesh Studies, University of Rajshahi, 2016
505 ## - FORMATTED CONTENTS NOTE
Formatted contents note References : Leaves 403 -413
650 ## - SUBJECT ADDED ENTRY--TOPICAL TERM
Topical term or geographic name as entry element Cyclones
Geographic subdivision Bangladesh
9 (RLIN) 7394
700 ## - ADDED ENTRY--SUPERVISOR/CO-SUPERVISOR NAME
Personal name Islam, M. Zulfiquar Ali, Supervisor
9 (RLIN) 1879
942 ## - ADDED ENTRY ELEMENTS (KOHA)
Source of classification or shelving scheme Dewey Decimal Classification
Koha item type Theses
Holdings
Source of classification or shelving scheme Damaged status Not for loan Collection code Permanent Location Current Location Shelving location Date of accession Source of acquisition Total Checkouts Full call number Barcode Date last seen Copy number Thesis
Dewey Decimal Classification   Not For Loan Theses Central Library, University of Rajshahi Central Library, University of Rajshahi Documentation Section 21/09/2017 Controller of Exam. R.U.   THE551.5513095492 HAC 2016 D4074 10/05/2023 C-1 Theses